00466cam a2200169ua 4500001000400000008003900004040000900043082001200052245005700064250000900121260003700130300002500167653002300192653003600215700002200251700002300273737110419n ii |||gr||||Z||||||eng cMAIN a320.9731 aPolitics of American democracy.cBy Marian D. Irich. a3rd. aNew Delhi.:bPrentice hall.,965. axiii,722 p.:c30 cm. aPolitical science. aPolitics of American democracy.1 aIrish, Marian D.,1 aProthro, James W.,